Statistics for Gettysburg Address -- Full text

Click here to take the quiz!

General Stats

  • This quiz has been taken 2,641 times
  • The average score is 82 of 155

Answer Stats

Answer% Correct
a
99%
and
97%
Four
93%
score
93%
seven
93%
years
93%
ago
92%
for
90%
our
90%
The
89%
the
89%
fathers
85%
nation,
83%
nation
83%
this
81%
this.
81%
in
79%
on
79%
We
78%
we
78%
new
77%
to
77%
are
76%
that
75%
all
74%
men,
74%
men
74%
forth
73%
liberty
73%
brought
71%
created
71%
equal.
71%
war.
71%
war,
71%
of
70%
so
69%
continent
68%
not
68%
can
65%
civil
64%
great
64%
dedicate,
63%
dedicate
63%
conceived
62%
Now
60%
people,
60%
people
60%
have
59%
dedicated
58%
here.
58%
here
58%
here,
58%
or
57%
is
56%
battlefield
55%
proposition
55%
any
54%
be
54%
by
54%
from
54%
it
54%
It
54%
shall
54%
long
53%
who
53%
engaged
52%
do
51%
earth.
51%
ground.
51%
hallow
51%
but
50%
But,
50%
consecrate,
50%
endure.
50%
live.
50%
perish
50%
their
50%
will
50%
field
49%
portion
49%
as
48%
brave
48%
come
48%
dead
48%
dead,
48%
us--
48%
us
48%
whether
48%
testing
47%
they
47%
those
47%
freedom--
46%
gave
46%
living,
46%
living
46%
died
45%
met
45%
what
45%
lives,
44%
should
44%
place
43%
might
42%
remember
42%
did
41%
God,
41%
government
41%
final
40%
forget
40%
fought
40%
nor
40%
proper
40%
resting
40%
say
40%
sense,
40%
vain--
40%
world
40%
far
39%
fitting
39%
never
39%
larger
37%
under
37%
add
36%
birth
36%
consecrated
36%
power
36%
above
35%
altogether
35%
little
35%
these
35%
which
35%
detract.
34%
last
34%
note
34%
poor
33%
struggled
33%
measure
32%
rather
32%
rather,
32%
full
31%
thus
31%
devotion
30%
devotion--
30%
before
29%
nobly
29%
task
29%
advanced.
28%
cause
27%
honored
27%
work
26%
remaining
25%
unfinished
25%
resolve
24%
highly
23%
take
23%
increased
22%

Score Distribution

Percentile by Number Answered

Percent of People with Each Score

Your Score History

You have not taken this quiz